Odtavovacie zváranie krúžkov valivých ložísk /

Saved in:
Bibliographic Details
Main Author: Lipa, Milan (Author)
Format: Manuscript Book
Published: Bratislava : Service Fachverlag, 1960
Tags: Add Tag
No Tags, Be the first to tag this record!

MARC

LEADER 00000ntm a22000003a 4500
001 stu47362
005 20150617225711.5
008 ------s1960----cs----------------------d
040 |a STU  |b slo 
041 0
044 |a cs 
080 |a 621.822.6.002 
080 |a 620.179.2  |7 stu_us_auth*stu1313 
100 1 |a Lipa, Milan  |4 aut 
245 1 |a Odtavovacie zváranie krúžkov valivých ložísk /  |c [aut.] Lipa,Milan 
260 |a Bratislava :  |b Service Fachverlag,  |c 1960 
300 |a 145 s 
996 |b 284J002725  |c J*10396/DIZ.  |l JJSK  |s A  |a 24  |w stu47362_0001